Statistics for Tolkien's Dwarves

Click here to take the quiz!

General Stats

  • This quiz has been taken 188 times
  • The average score is 9 of 13

Answer Stats

HintAnswer% Correct
He is the son of Thrain who is the son of ThrorThorin
98%
Father of GimliGloin
94%
He is really, really, REALLY obeseBombur
89%
Cousin of BofurBifur
85%
His name starts with "or" and ends with the ninth letter of the alphabetOri
75%
His name has the last three letters of the type of currency a dime isOin
71%
In "The Hobbit" trilogy, fell in love with an elf named Tauriel.Kili
69%
One of Thorin's nephewsFili
65%
Used a slingshot in the film trilogyNori
62%
In "The Desolation of Smaug," he misses the boat to the Lonely Mountain because he was drunkBofur
58%
Shares the same name, but not spelling, as a forgetful fish in "Finding Nemo"Dori
56%
He was the elderly, wise dwarf who told Bilbo about Thorin's past in "An Unexpected Journey."Balin
53%
In "The Battle of the Five Armies," he rides with Thorin, Bilbo, Kili, and Fili to attack Azog the Defiler.Dwalin
48%

Score Distribution

Percentile by Number Answered

Percent of People with Each Score

Your Score History

You have not taken this quiz